000 00366nam a2200145Ia 4500
005 20251222151343.0
008 251222s9999||||xx |||||||||||||| ||spa||
020 _a842326316
082 _a220.950.5/M92
100 _aMuir, Virginia J.
245 4 _aThe One Year Bible Story Book:
250 _a1ra.ed.
264 _bTyndale House Publishers I.N.C.
942 _cLIB
999 _c24543
_d24543